Fast Typing to 50 - Statistics

General Stats
  • This quiz has been taken 260 times
  • The average score is 51 of 58
Answer Stats
Hint Answer % Correct
1
100%
2
99%
3
98%
4
98%
5
98%
6
98%
7
98%
8
97%
8
97%
9
97%
9
97%
10
95%
10
95%
12
95%
12
95%
11
94%
11
94%
14
94%
14
94%
13
93%
13
93%
15
93%
15
93%
16
93%
17
93%
18
93%
19
92%
21
92%
20
91%
22
89%
23
89%
24
88%
25
88%
26
88%
30
88%
31
87%
27
86%
28
86%
29
86%
32
86%
33
85%
34
84%
35
83%
36
81%
37
81%
38
80%
39
80%
40
76%
41
76%
42
75%
45
75%
43
74%
44
72%
46
71%
47
68%
48
65%
49
63%
50
62%
No matching quizzes found
Score Distribution
Percent of People with Each Score
Percentile by Number Answered
Your Score History
You have not taken this quiz